000 01019nam0a2200301 4500
001 RU\NLR\bibl\1307210
005 20260405092537.0
010 _a978-5-05-006995-5
_950000
021 _aRU
_b2008-84282
_94913
035 _a(NLR Aleph) 001292713
090 _a569484
_c569484
100 _a20081212d2008 |||y0rusy50 ca
101 1 _arus
_ceng
102 _aRU
105 _ay |||||||||
200 1 _aНочной танец
_eроман
_fРоксана Сент-Клер
_gпер. с англ. [О. Кочевцевой]
_gHarlequin
210 _aМосква
_cРадуга
_d2008
215 _a142, [1] с.
_d17
225 1 _aЛюбовный роман
_v1763
225 1 _aАрлекин
225 1 _aВремя, подаренное себе
686 _aШ6(7США)67-440.4{Лх1979-50}
700 1 _4070
_7ca
_8rus
_aСент-Клер
_bР.
_gРоксанна
_916636
_3RU\NLR\auth\7733628
801 0 _aRU
_bNLR
_c20081212
_gRCR
801 1 _aRU
_bNLR
_c20081212
942 _cBOOK
980 _aNB